Egypt at its origins 5 : proceedings of the Fifth International Conference "Origin of the State, Predynastic and Early Dynastic Egypt" Cairo,13th-18 April 2014 /

This volume presents the results of the latest research and discoveries in the field, which are leading to a better understanding of the origins of the Ancient Egyptian civilization. The 39 articles are organised under five major headings: settlements and domestic activities, mortuary archaeology, t...

وصف كامل

محفوظ في:

مؤلفون آخرون: Midant-Reynes, Béatrix., Tristant, Yann.

التنسيق: كتاب

اللغة: English

منشور في: Leuven : Peeters, 2017.

سلاسل: Orientalia Lovaniensia analecta ; 260.
OLA ; 260.

الموضوعات:

الوسوم: إضافة وسم

لا توجد وسوم, كن أول من يضع وسما على هذه التسجيلة!

رقم الطلب: DS1 .O7 v.260

LEADER 01940namaa2200301 4500
003 OSt
005 20251124063847.0
008 130303s2017 be a 000 0 eng d
020 |a 9789042934436 
040 |c ARCE Library 
043 |a f-ua--- 
050 4 |a DS1 .O7 v.260 
245 0 0 |a Egypt at its origins 5 :   |b proceedings of the Fifth International Conference "Origin of the State, Predynastic and Early Dynastic Egypt" Cairo,13th-18 April 2014 /   |c edited by Béatrix Midant-Reynes and Yann Tristant with the collaboration of Ellen M. Ryan. 
264 1 |a Leuven :  |b Peeters,  |c 2017. 
300 |a v-xv, 903 pages :  |b illustrations ;  |c 26 cm. 
490 0 |a Orientalia Lovaniensia analecta ;   |v 260. 
490 0 |a OLA ;   |v 260. 
500 |a International Conference " Origin of the State ,Predynastic and Early Dynastic Egypt" 5th : 2017 Cairo. 
520 |a This volume presents the results of the latest research and discoveries in the field, which are leading to a better understanding of the origins of the Ancient Egyptian civilization. The 39 articles are organised under five major headings: settlements and domestic activities, mortuary archaeology, technology: pottery and lithic production, iconography and writing, and rock art. They provide new insights into the variety of factors contributing to the rise of the distinct form of the early Egyptian state. Recent discoveries from major sites such as Hierakonpolis, Abydos, and Buto, are the subject of different articles, but also other sites, such as Abu Rawash and the Naqada region, are discussed. 
650 0 |a Excavations (Archaeology)   |z Egypt   |v Congresses. 
650 0 |a Antiquities, Prehistroic   |z Egypt   |v Congresses. 
651 0 |a Egypt   |x Antiquities   |v Congresses. 
651 0 |a Egypt   |x History   |y To 332 B.C.   |v Congresses. 
700 1 |a Midant-Reynes, Béatrix.   |9 35956 
700 1 |a Tristant, Yann.  |9 41272 
901 |a reviewed 
942 |c BK  |2 lcc 
999 |c 7273  |d 7273